Flagi Europy - Statystyki

Ogólne statystyki
  • Ten quiz został rozwiązany 83 razy
  • Średni wynik to 9 z 15
Statystyki odpowiedzi
Obrazkowy Odpowiedź % Poprawnych
Wielka Brytania
97%
Polska
90%
Rumunia
87%
Irlandia
82%
Walia
82%
Holandia
79%
Malta
79%
Bośnia i Hercegowina
76%
Unia Europejska
76%
Kosowo
66%
Katalonia
29%
Bawaria
18%
Kraj Basków
9%
Mazowieckie
7%
Wyspy Kanaryjskie
6%
Nie znaleziono quizów pasujących do podanych kryteriów
Rozkład punktacji
Procent ludzi z każdym wynikiem
Percentyl według liczby udzielonych odpowiedzi
Twoja historia wyników
Nie rozwiązałeś tego quizu